Laurita / (Registro nro. 14131)

Detalles MARC
000 -LIDER
fixed length control field 00699nam a22002177a 4500
003 - IDENTIFICACDOR DE NÚMERO DE CONTROL
control field DO-SdBNP
005 - DATE AND TIME OF LATEST TRANSACTION
control field 20230206104549.0
008 - ELEMENTOS DE LONGITUD FIJA
fixed length control field 220331b2013 dr ||| 00| 0 spa d
020 ## - ISBN
International Standard Book Number 9789945465235
040 ## - FUENTE DE CATALOGACIÓN
Agencia que crea de manera original el registro BPMSU
Idioma de catalogación spa
Agencia que realiza la transcripción BPMSU
082 ## - NÚMERO DE CLASIFICACIÓN DECIMAL DE DEWEY
Classification number 863.44
Item number G216L 2013
Edition number 22
100 1# - ASIENTO PRINCIPAL -- NOMBRE PERSONAL
Nombre personal García Escobar, Obdulia de
245 ## - MENCIÓN DE TITULO
Título Laurita /
Mención de responsabilidad Obdulia García de Escobar; ilustrador: Víctor Manuel
260 ## - PUBLICACIÓN, DISTRIBUCIÓN, ETC. (PIE DE IMPRENTA)
Lugar de publicación, distribución, etc Santo Domingo:
Nombre del editor, distribuidor, etc. CP
Fecha de publicación, distribución, etc 2013
300 ## - DESCRIPCIÓN FÍSICA
Extensión 27 p;
Otros detalles físicos ils;
Dimensiones 20 cm
500 ## - NOTA GENERAL
Nota general Incluye datos biográficos en la contracubierta del autor
650 #4 - ENCABEZAMIENTO DE MATERIA--TEMÁTICO
Término temático o nombre geográfico como elemento de entrada Cuentos infantiles españoles
650 #4 - ENCABEZAMIENTO DE MATERIA--TEMÁTICO
Fuente del encabezamiento o término Literatura infantil española
700 ## - ASIENTO SECUNDARIO -- NOMBRE PERSONAL
Nombre personal Manuel,Víctor
Mención de responsabilidad Ilustraciones
942 ## - ADDED ENTRY ELEMENTS (KOHA)
Source of classification or shelving scheme Dewey Decimal Classification
Koha item type Libros
Existencias
Withdrawn status Lost status Source of classification or shelving scheme Damaged status Not for loan Collection code Home library Current library Date acquired Full call number Barcode Date last seen Price effective from Koha item type
    Dewey Decimal Classification     Colección Infantil Dominicana Biblioteca Pública Metropolitana Salomé Ureña Biblioteca Pública Metropolitana Salomé Ureña 03/31/2022 BPMSU CDI 863.44 G216l 2013 BPMSU22040064 03/31/2022 03/31/2022 Libros